[Event "43. Olimpiada Batumi 2018 Femenina"]
[Site "Batumi GEO"]
[Date "2018.10.02"]
[Round "8.2"]
[White "Petrova, Kristyna"]
[Black "Kurbonboeva, Sarvinoz"]
[Result "1-0"]
[WhiteElo "2248"]
[BlackElo "2202"]
[PlyCount "155"]
[EventDate "2018.09.24"]
[EventType "team-swiss"]
[EventRounds "11"]
[EventCountry "GEO"]
[SourceTitle "Ajedrez en Madrid"]
[Source "lmi"]
[SourceDate "2018.09.24"]
[WhiteTeam "Czech Republic"]
[BlackTeam "Uzbekistan"]
[WhiteTeamCountry "CZE"]
[BlackTeamCountry "UZB"]

1. e4 c5 2. Nf3 d6 3. d4 cxd4 4. Nxd4 Nf6 5. Nc3 a6 6. Be3 e5 7. Nf3 Qc7 8. a4
Be7 9. a5 O-O 10. Be2 Nc6 11. Bb6 Qb8 12. Nd5 Nxe4 13. Nd2 Nxd2 14. Bc7 Qa7 15.
Qxd2 Be6 16. Bb6 Qb8 17. Nc7 Ra7 18. O-O Bd7 19. c3 Rc8 20. Bxa7 Qxa7 21. Nd5
Bd8 22. b4 Be6 23. Rad1 h6 24. Kh1 Ne7 25. Bf3 Qb8 26. Ne3 Bc7 27. Rc1 Re8 28.
Nd5 Bd8 29. Nxe7+ Bxe7 30. Qd3 d5 31. Bxd5 Rd8 32. c4 Bxb4 33. Qb3 Bd2 34. Ra1
Bxd5 35. cxd5 Qc7 36. Qa2 Bb4 37. Rfc1 Qd6 38. Qc4 Rd7 39. h3 Bd2 40. Rc2 Bg5
41. Rd1 Bd8 42. Qc8 Kh7 43. Rb2 e4 44. Rxb7 Bc7 45. Rxc7 Rxc7 46. Qf5+ Qg6 47.
Qe5 Rd7 48. d6 Qe6 49. Qc5 f5 50. Qc6 f4 51. Qxa6 e3 52. fxe3 fxe3 53. Qe2 Qe5
54. Kg1 Qxa5 55. Qxe3 Qd8 56. Qe6 Qb6+ 57. Kh2 Qc6 58. Rd5 Kh8 59. Rd4 Kh7 60.
h4 Kh8 61. h5 Kh7 62. Rd3 Kh8 63. Kh3 Qb5 64. Qe8+ Kh7 65. Qg6+ Kh8 66. Re3 Rd8
67. Re7 Qb3+ 68. Kh2 Qb2 69. d7 Qb8+ 70. Kh3 Rg8 71. Re8 Qb3+ 72. g3 Qd5 73.
Rxg8+ Kxg8 74. Qe8+ Kh7 75. d8=Q Qd7+ 76. Kg2 Qb7+ 77. Kh2 Qb2+ 78. Kh3 1-0

[Event "43. Olimpiada Batumi 2018 Femenina"]
[Site "Batumi GEO"]
[Date "2018.10.02"]
[Round "8.3"]
[White "Gevorgyan, Irina"]
[Black "Novosadova, Kristyna"]
[Result "1-0"]
[WhiteElo "2265"]
[BlackElo "2231"]
[PlyCount "101"]
[EventDate "2018.09.24"]
[EventType "team-swiss"]
[EventRounds "11"]
[EventCountry "GEO"]
[SourceTitle "Ajedrez en Madrid"]
[Source "lmi"]
[SourceDate "2018.09.24"]
[WhiteTeam "Uzbekistan"]
[BlackTeam "Czech Republic"]
[WhiteTeamCountry "UZB"]
[BlackTeamCountry "CZE"]

1. Nf3 d5 2. d4 Nf6 3. c4 dxc4 4. e3 e6 5. Bxc4 a6 6. a4 c5 7. O-O Nc6 8. Qe2
Be7 9. Rd1 cxd4 10. exd4 Bd7 11. Nc3 Nb4 12. Ne5 Bc8 13. Bg5 Nfd5 14. Qf3 O-O
15. Nxd5 Nxd5 16. Bxd5 Bxg5 17. Bxb7 Bxb7 18. Qxb7 Rb8 19. Qxa6 Rxb2 20. Qc6
Qa5 21. Qc5 Qxc5 22. dxc5 Ra8 23. c6 Rc2 24. Nf3 Bh6 25. g4 Bf4 26. Nd4 Rc4 27.
Ne2 Bc7 28. h3 Rxc6 29. Rdc1 Rxc1+ 30. Rxc1 Bd6 31. Rc4 Kf8 32. Nd4 Ke7 33. Nb5
Ra6 34. Kf1 e5 35. Ke2 Ke6 36. Kd3 h6 37. Kc2 Kd5 38. Kb3 Ra8 39. Rc1 Ra6 40.
Rd1+ Ke6 41. a5 Rc6 42. Nxd6 Rxd6 43. Rxd6+ Kxd6 44. Kc4 Kc6 45. h4 e4 46. h5
Kb7 47. Kd5 Ka6 48. Kxe4 Kxa5 49. Ke5 Kb5 50. Kd6 g6 51. g5 1-0

[Event "43. Olimpiada Batumi 2018 Femenina"]
[Site "Batumi GEO"]
[Date "2018.10.02"]
[Round "8.4"]
[White "Sikorova, Olga"]
[Black "Nadirjanova, Nodira"]
[Result "1-0"]
[WhiteElo "2276"]
[BlackElo "2167"]
[PlyCount "79"]
[EventDate "2018.09.24"]
[EventType "team-swiss"]
[EventRounds "11"]
[EventCountry "GEO"]
[SourceTitle "Ajedrez en Madrid"]
[Source "lmi"]
[SourceDate "2018.09.24"]
[WhiteTeam "Czech Republic"]
[BlackTeam "Uzbekistan"]
[WhiteTeamCountry "CZE"]
[BlackTeamCountry "UZB"]

1. c4 Nf6 2. g3 c6 3. Nf3 d5 4. b3 Bf5 5. Bg2 e6 6. Bb2 Nbd7 7. O-O h6 8. d3
Be7 9. Nbd2 O-O 10. Qc2 a5 11. a3 Bh7 12. Bc3 c5 13. cxd5 Nxd5 14. Bb2 Bf6 15.
Nc4 Bxb2 16. Qxb2 Qe7 17. Nfe5 N7f6 18. e4 Nc7 19. a4 Ra6 20. Qc3 Rfa8 21. Na3
Rc8 22. f3 Nd7 23. Nxd7 Qxd7 24. Qxc5 Qxd3 25. Rfd1 Rc6 26. Rxd3 Rxc5 27. Rad1
Re8 28. Nc4 Kf8 29. Nb6 Rc6 30. Nd7+ Kg8 31. Ne5 Rc5 32. f4 b5 33. axb5 Rxb5
34. Rc1 Na6 35. Rd6 Rc5 36. Rcd1 Nb8 37. Rd8 Rc8 38. Rxe8+ Rxe8 39. Nc4 Nc6 40.
Rd6 1-0

[Event "43. Olimpiada Batumi 2018 Femenina"]
[Site "Batumi GEO"]
[Date "2018.10.02"]
[Round "8.1"]
[White "Matras-Clement, Agnieszka"]
[Black "Cornette, Deimante"]
[Result "0-1"]
[WhiteElo "2225"]
[BlackElo "2462"]
[PlyCount "116"]
[EventDate "2018.09.24"]
[EventType "team-swiss"]
[EventRounds "11"]
[EventCountry "GEO"]
[SourceTitle "Ajedrez en Madrid"]
[Source "lmi"]
[SourceDate "2018.09.24"]
[WhiteTeam "Canada"]
[BlackTeam "Lithuania"]
[WhiteTeamCountry "CAN"]
[BlackTeamCountry "LTU"]

1. e4 e5 2. Nf3 Nc6 3. Nc3 g6 4. d4 exd4 5. Nxd4 Bg7 6. Be3 Nf6 7. Bc4 d6 8.
O-O O-O 9. f3 Ne5 10. Be2 d5 11. Bg5 dxe4 12. Nxe4 Ned7 13. c3 Qe8 14. Nxf6+
Nxf6 15. Re1 Qd8 16. Bc4 a6 17. a4 Bd7 18. Qb3 c5 19. Nc2 Bc6 20. Rad1 Qc7 21.
Ne3 Rae8 22. Nd5 Nxd5 23. Bxd5 Re5 24. Bxc6 Qxc6 25. Rxe5 c4 26. Qb4 Bxe5 27.
Qe7 Qxa4 28. Rc1 Qb5 29. Rd1 Re8 30. Qd7 Qxd7 31. Rxd7 b5 32. Be7 a5 33. Kf2 b4
34. cxb4 axb4 35. Bxb4 Bxb2 36. Rc7 Bd4+ 37. Kf1 Be5 38. Rxc4 Bxh2 39. Kf2 Bb8
40. Bc3 h6 41. Bd4 Kh7 42. Rb4 Bd6 43. Rb7 Re7 44. Rb6 Bf4 45. Ra6 Rd7 46. Be3
Be5 47. f4 Bg7 48. Kf3 h5 49. Rc6 Bf8 50. Ke4 Bg7 51. Ra6 Rb7 52. Bb6 Re7+ 53.
Kd5 Re6 54. g3 Bf6 55. Kc4 Bd8 56. Kb5 Rxb6+ 57. Rxb6 Bxb6 58. Kxb6 g5 0-1

[Event "43. Olimpiada Batumi 2018 Femenina"]
[Site "Batumi GEO"]
[Date "2018.10.02"]
[Round "8.2"]
[White "Batyte, Daiva"]
[Black "Zhou, Qiyu"]
[Result "0-1"]
[WhiteElo "2172"]
[BlackElo "2207"]
[PlyCount "100"]
[EventDate "2018.09.24"]
[EventType "team-swiss"]
[EventRounds "11"]
[EventCountry "GEO"]
[SourceTitle "Ajedrez en Madrid"]
[Source "lmi"]
[SourceDate "2018.09.24"]
[WhiteTeam "Lithuania"]
[BlackTeam "Canada"]
[WhiteTeamCountry "LTU"]
[BlackTeamCountry "CAN"]

1. Nf3 Nf6 2. g3 d5 3. Bg2 e6 4. O-O c5 5. b3 Nc6 6. Bb2 Be7 7. e3 O-O 8. d4 b6
9. Nbd2 Bb7 10. c4 Rc8 11. Ne5 Qc7 12. cxd5 exd5 13. Rc1 Qd6 14. Qe2 Nb4 15.
dxc5 bxc5 16. Rfd1 Ba6 17. Qf3 Nxa2 18. Ra1 Nb4 19. Bh3 Rcd8 20. Ng4 Nxg4 21.
Bxg4 Qb6 22. Bc3 Bb7 23. Qf4 d4 24. Bxb4 cxb4 25. e4 d3 26. Nc4 Qd4 27. Qe3 Bc5
28. Ra5 Bb6 29. Rb5 Bc6 30. Rxb4 Bc5 31. Qxd4 Rxd4 32. Ne5 Rxb4 33. Nxc6 Rxb3
34. Ne5 Rd8 35. Nc6 Rd6 36. Ne5 g6 37. Nd7 Bd4 38. e5 Ra6 39. Kg2 Kg7 40. Bf3
Ra2 41. Bd5 Rxf2+ 42. Kh3 Ra3 43. Nf6 Bxe5 44. Ng4 Rf5 45. Bc4 h5 46. Ne3 Rf2
47. Nf1 Rc3 48. Bb5 g5 49. Nd2 g4+ 50. Kh4 Kh6 0-1

[Event "43. Olimpiada Batumi 2018 Femenina"]
[Site "Batumi GEO"]
[Date "2018.10.02"]
[Round "8.3"]
[White "Ouellet, Maili-Jade"]
[Black "Sibajeva, Marija"]
[Result "1-0"]
[WhiteElo "2144"]
[BlackElo "1980"]
[PlyCount "89"]
[EventDate "2018.09.24"]
[EventType "team-swiss"]
[EventRounds "11"]
[EventCountry "GEO"]
[SourceTitle "Ajedrez en Madrid"]
[Source "lmi"]
[SourceDate "2018.09.24"]
[WhiteTeam "Canada"]
[BlackTeam "Lithuania"]
[WhiteTeamCountry "CAN"]
[BlackTeamCountry "LTU"]

1. d4 Nf6 2. c4 g6 3. Nc3 d5 4. cxd5 Nxd5 5. e4 Nxc3 6. bxc3 Bg7 7. Nf3 c5 8.
Rb1 O-O 9. Be2 b6 10. O-O Bb7 11. Qd3 e6 12. Bg5 Qc7 13. Qe3 Nd7 14. Nd2 Rfc8
15. Nc4 cxd4 16. cxd4 Qc6 17. Qd2 Nf8 18. Rfd1 Qd7 19. Qe3 Ba6 20. Ne5 Qa4 21.
Bxa6 Qxa6 22. Qf4 Qb7 23. d5 exd5 24. exd5 Rc5 25. Nc6 Re8 26. Re1 Rb5 27. Rbc1
Rxe1+ 28. Rxe1 h6 29. Bf6 Qd7 30. Qe5 Bxf6 31. Qxf6 Kh7 32. Ne7 Qe8 33. Qe5 Nd7
34. Qd6 Nc5 35. h4 Qd7 36. Qf6 Qe8 37. Re3 Nd7 38. Qd4 Qh8 39. Qa4 Rb1+ 40. Kh2
Nc5 41. Qf4 Qg7 42. h5 Rd1 43. hxg6+ fxg6 44. Nxg6 Nd3 45. Qf5 1-0

[Event "43. Olimpiada Batumi 2018 Femenina"]
[Site "Batumi GEO"]
[Date "2018.10.02"]
[Round "8.4"]
[White "Perminaite, Guoda"]
[Black "Demchenko, Svitlana"]
[Result "1/2-1/2"]
[WhiteElo "1840"]
[BlackElo "2134"]
[PlyCount "140"]
[EventDate "2018.09.24"]
[EventType "team-swiss"]
[EventRounds "11"]
[EventCountry "GEO"]
[SourceTitle "Ajedrez en Madrid"]
[Source "lmi"]
[SourceDate "2018.09.24"]
[WhiteTeam "Lithuania"]
[BlackTeam "Canada"]
[WhiteTeamCountry "LTU"]
[BlackTeamCountry "CAN"]

1. e4 c5 2. c3 Nf6 3. e5 Nd5 4. d4 cxd4 5. cxd4 d6 6. Nf3 e6 7. Bc4 Be7 8. O-O
O-O 9. Qe2 b6 10. a3 Bb7 11. Bd2 Nd7 12. Nc3 dxe5 13. dxe5 Nxc3 14. Bxc3 Rc8
15. Nd2 Qc7 16. Rac1 Qb8 17. b4 Qa8 18. Qg4 Kh8 19. Rfd1 Rfd8 20. Be2 Nf8 21.
Nc4 Bd5 22. Ne3 Ng6 23. Nxd5 Rxd5 24. Bf3 Rxd1+ 25. Rxd1 Qb8 26. Qd4 Nh4 27.
Qe3 Nf5 28. Qe1 Rd8 29. Be4 Nh4 30. Qe2 Ng6 31. Rxd8+ Qxd8 32. Qd3 Qxd3 33.
Bxd3 Nf4 34. Bc4 Kg8 35. Kf1 Kf8 36. g3 Ng6 37. Ke2 Bd8 38. Ke3 Bc7 39. f4 Ke8
40. Bb5+ Kd8 41. Ke4 Ne7 42. Bc4 h5 43. h3 Kd7 44. Bb5+ Kd8 45. Bc4 Kd7 46. b5
Bb8 47. g4 hxg4 48. hxg4 g6 49. Bb4 Bc7 50. Bc3 Bb8 51. Bd4 Bc7 52. a4 Bb8 53.
Bc3 Bc7 54. Bb4 Kd8 55. Bd2 Kd7 56. Bb4 Kd8 57. Bxe7+ Kxe7 58. f5 gxf5+ 59.
gxf5 exf5+ 60. Kxf5 Bb8 61. Ke4 Bc7 62. Kd5 Bb8 63. Bd3 Bc7 64. Bf5 Bb8 65. e6
fxe6+ 66. Bxe6 Bf4 67. Bg4 Bd2 68. Kc6 Ba5 69. Kb7 Kd6 70. Kxa7 Kc5 1/2-1/2

[Event "43. Olimpiada Batumi 2018 Femenina"]
[Site "Batumi GEO"]
[Date "2018.10.02"]
[Round "8.1"]
[White "Sebag, Marie"]
[Black "Fierro Baquero, Martha L"]
[Result "0-1"]
[WhiteElo "2480"]
[BlackElo "2369"]
[PlyCount "132"]
[EventDate "2018.09.24"]
[EventType "team-swiss"]
[EventRounds "11"]
[EventCountry "GEO"]
[SourceTitle "Ajedrez en Madrid"]
[Source "lmi"]
[SourceDate "2018.09.24"]
[WhiteTeam "France"]
[BlackTeam "Ecuador"]
[WhiteTeamCountry "FRA"]
[BlackTeamCountry "ECU"]

1. e4 g6 2. d4 Bg7 3. Nc3 c5 4. Nf3 cxd4 5. Nxd4 Nc6 6. Nde2 Nf6 7. g3 O-O 8.
Bg2 Rb8 9. O-O b5 10. h3 b4 11. Nd5 e6 12. Ndf4 Bb7 13. Nd3 d6 14. Be3 a5 15.
f4 Ne7 16. Nf2 Qd7 17. Qd2 Rfc8 18. Rfd1 Rc4 19. Bd4 Rbc8 20. c3 bxc3 21. bxc3
Ne8 22. Bxg7 Kxg7 23. Rab1 Ba8 24. g4 Qa7 25. Kf1 Kg8 26. g5 d5 27. Ng4 dxe4
28. Qd7 Qxd7 29. Rxd7 Nf5 30. Rbd1 Bd5 31. Ra7 R4c7 32. Rxa5 Bc4 33. Nh6+ Nxh6
34. gxh6 Nf6 35. Rd4 Nd5 36. Bxe4 Bxe2+ 37. Kxe2 Nxc3+ 38. Kf2 Nxe4+ 39. Rxe4
Kf8 40. a4 Ke7 41. Rae5 Rc2+ 42. Kf3 Rh2 43. Kg3 Ra2 44. h4 Rc3+ 45. Re3 Rxe3+
46. Rxe3 Rxa4 47. Re5 Ra3+ 48. Kg2 Rd3 49. h5 Rd5 50. hxg6 fxg6 51. Re4 Rh5 52.
Ra4 Rxh6 53. Ra8 Rh5 54. Kg3 Kf6 55. Rf8+ Kg7 56. Re8 Kf7 57. Rh8 Rh1 58. Kg2
Rh5 59. Kg3 Ke7 60. Ra8 h6 61. Rh8 Kf7 62. Kf3 Kg7 63. Re8 Kf7 64. Rh8 Rf5 65.
Rh7+ Kf6 66. Rxh6 Rh5 0-1

[Event "43. Olimpiada Batumi 2018 Femenina"]
[Site "Batumi GEO"]
[Date "2018.10.02"]
[Round "8.2"]
[White "Heredia Serrano, Carla"]
[Black "Skripchenko, Almira"]
[Result "0-1"]
[WhiteElo "2159"]
[BlackElo "2414"]
[PlyCount "100"]
[EventDate "2018.09.24"]
[EventType "team-swiss"]
[EventRounds "11"]
[EventCountry "GEO"]
[SourceTitle "Ajedrez en Madrid"]
[Source "lmi"]
[SourceDate "2018.09.24"]
[WhiteTeam "Ecuador"]
[BlackTeam "France"]
[WhiteTeamCountry "ECU"]
[BlackTeamCountry "FRA"]

1. e4 c5 2. Nf3 Nc6 3. Bb5 e6 4. b3 Nge7 5. Bb2 a6 6. Be2 Ng6 7. O-O e5 8. c3
d6 9. d4 Be7 10. dxe5 dxe5 11. Qxd8+ Bxd8 12. Bc4 Be6 13. Nbd2 Bc7 14. Bxe6
fxe6 15. g3 Ke7 16. Ba3 b6 17. Rfd1 a5 18. h4 Nf8 19. Nf1 Nd7 20. Rd3 Nf6 21.
N3d2 Rhd8 22. Rxd8 Rxd8 23. f3 Nd7 24. Kf2 Ra8 25. Bb2 a4 26. c4 Bd6 27. Bc3
Nb4 28. Ne3 Nb8 29. Ke2 N4c6 30. Rb1 Nd4+ 31. Bxd4 exd4 32. Nef1 axb3 33. axb3
e5 34. Nh2 h5 35. Rg1 Nc6 36. g4 hxg4 37. Rxg4 Kf7 38. Nhf1 Ra2 39. Ng3 Na5 40.
Kd3 Rb2 41. Nf5 Bf8 42. f4 Nxb3 43. Nxb3 Rxb3+ 44. Ke2 g6 45. Ng3 Bh6 46. f5
d3+ 47. Kf2 Rb2+ 48. Kf3 d2 49. fxg6+ Kg8 50. Ke2 Rb1 0-1

[Event "43. Olimpiada Batumi 2018 Femenina"]
[Site "Batumi GEO"]
[Date "2018.10.02"]
[Round "8.3"]
[White "Guichard, Pauline"]
[Black "Ortiz Verdesoto, Anahi"]
[Result "1-0"]
[WhiteElo "2390"]
[BlackElo "1954"]
[PlyCount "131"]
[EventDate "2018.09.24"]
[EventType "team-swiss"]
[EventRounds "11"]
[EventCountry "GEO"]
[SourceTitle "Ajedrez en Madrid"]
[Source "lmi"]
[SourceDate "2018.09.24"]
[WhiteTeam "France"]
[BlackTeam "Ecuador"]
[WhiteTeamCountry "FRA"]
[BlackTeamCountry "ECU"]

1. Nf3 d5 2. c4 e6 3. g3 Nf6 4. Bg2 Be7 5. O-O O-O 6. b3 b6 7. Bb2 Bb7 8. e3 c5
9. Nc3 Nc6 10. cxd5 Nxd5 11. Nxd5 exd5 12. d4 Qd7 13. Qe2 a5 14. Rfd1 a4 15.
dxc5 bxc5 16. Nd2 Nb4 17. a3 Ba6 18. Nc4 Qe6 19. axb4 dxc4 20. b5 Bxb5 21. Bxa8
Rxa8 22. bxa4 Rxa4 23. Qh5 h6 24. Qe5 Qxe5 25. Bxe5 Rxa1 26. Rxa1 f6 27. Bc3
Bc6 28. Kf1 Kf7 29. Ke2 g5 30. Ra6 Be4 31. f3 Bd3+ 32. Kf2 h5 33. e4 g4 34. Ke3
gxf3 35. Kxf3 Bf1 36. Kf4 Bh3 37. Ra7 Ke6 38. Ra6+ Kf7 39. e5 fxe5+ 40. Kxe5
Bg4 41. Ra7 Bh3 42. Bd2 Ke8 43. Kd5 Bg4 44. Kxc4 Be6+ 45. Kd3 c4+ 46. Ke4 Bf6
47. h4 Kf8 48. Rc7 Kg8 49. Bf4 Kf8 50. Rc5 Bf7 51. Kf5 Bb2 52. Be5 Ba3 53. Rc7
Ke8 54. Kf6 Bd5 55. Kg6 Bf3 56. Rxc4 Kd7 57. Rc3 Be4+ 58. Kxh5 Be7 59. Re3 Bd5
60. Kg6 Bc5 61. Re2 Bc4 62. Rd2+ Ke6 63. Bc3 Be3 64. Rd1 Bf2 65. h5 Be2 66. Rd2
1-0

[Event "43. Olimpiada Batumi 2018 Femenina"]
[Site "Batumi GEO"]
[Date "2018.10.02"]
[Round "8.4"]
[White "Romero Echeverria, Abigail"]
[Black "Haussernot, Cecile"]
[Result "0-1"]
[WhiteElo "2034"]
[BlackElo "2237"]
[PlyCount "116"]
[EventDate "2018.09.24"]
[EventType "team-swiss"]
[EventRounds "11"]
[EventCountry "GEO"]
[SourceTitle "Ajedrez en Madrid"]
[Source "lmi"]
[SourceDate "2018.09.24"]
[WhiteTeam "Ecuador"]
[BlackTeam "France"]
[WhiteTeamCountry "ECU"]
[BlackTeamCountry "FRA"]

1. e4 c6 2. d4 d5 3. exd5 cxd5 4. c4 Nf6 5. Nc3 Nc6 6. cxd5 Nxd5 7. Bc4 e6 8.
Nf3 Bb4 9. Bd2 O-O 10. a3 Nb6 11. Bb5 Be7 12. Be3 Nd5 13. O-O Bf6 14. Ne4 Be7
15. Bxc6 bxc6 16. Ne5 f5 17. Nxc6 Qc7 18. Nxe7+ Qxe7 19. Bg5 Qb7 20. Nc3 f4 21.
g3 Rf5 22. Bxf4 Nxf4 23. gxf4 Rxf4 24. f3 Qxb2 25. Ne4 Ba6 26. Rf2 Qb6 27. Rb1
Qa5 28. Qc1 Qf5 29. Qc6 Rf8 30. Qxa6 Rxe4 31. Rbf1 Rxd4 32. Qxa7 e5 33. Rg2 Rd7
34. Qa4 Rdf7 35. Rgf2 Qd3 36. Qe4 Qd6 37. Rg2 g6 38. Re2 Rf5 39. a4 Rb8 40.
Qc4+ Kh8 41. Qc3 Qd5 42. Rd2 Qe6 43. Qc7 Rbf8 44. Rd8 Rxd8 45. Qxd8+ Kg7 46. a5
Rf8 47. Qb6 Qc4 48. Kg2 Rf5 49. Qd8 Kh6 50. h4 e4 51. Qd2+ Kh5 52. f4 Rd5 53.
Qe3 Rd3 54. Qe2+ Kh6 55. Re1 Qc8 56. Qxe4 Qh3+ 57. Kf2 Qh2+ 58. Kf1 Rg3 0-1

[Event "43. Olimpiada Batumi 2018 Femenina"]
[Site "Batumi GEO"]
[Date "2018.10.02"]
[Round "8.1"]
[White "Vega Gutierrez, Sabrina"]
[Black "Mona, Khaled"]
[Result "1-0"]
[WhiteElo "2404"]
[BlackElo "2157"]
[PlyCount "79"]
[EventDate "2018.09.24"]
[EventType "team-swiss"]
[EventRounds "11"]
[EventCountry "GEO"]
[SourceTitle "Ajedrez en Madrid"]
[Source "lmi"]
[SourceDate "2018.09.24"]
[WhiteTeam "Spain"]
[BlackTeam "Egypt"]
[WhiteTeamCountry "ESP"]
[BlackTeamCountry "EGY"]

1. d4 d5 2. c4 e6 3. Nf3 c6 4. e3 f5 5. Bd3 Nf6 6. O-O Bd6 7. b3 Qe7 8. Bb2 O-O
9. Qc1 Na6 10. c5 Bc7 11. Bxa6 bxa6 12. Ne5 a5 13. Nxc6 Bxh2+ 14. Kxh2 Qe8 15.
Ne5 Qh5+ 16. Kg1 Ng4 17. Nxg4 fxg4 18. Qe1 Qh4 19. Nd2 Rf6 20. f4 g3 21. Nf3
Qg4 22. Ne5 Qh4 23. Nf3 Qg4 24. Qxa5 Bd7 25. Qc7 Rh6 26. f5 Bb5 27. fxe6 Qxe6
28. Qe5 Bxf1 29. Rxf1 Qf7 30. Qxg3 Re8 31. Bc1 Qf6 32. Qg5 Qf7 33. Nh2 Qb7 34.
Ng4 Rg6 35. Qf5 a5 36. c6 Rxc6 37. Qxd5+ Kh8 38. Ne5 Rc7 39. Qxb7 Rxb7 40. Nf7+
1-0

[Event "43. Olimpiada Batumi 2018 Femenina"]
[Site "Batumi GEO"]
[Date "2018.10.02"]
[Round "8.2"]
[White "Wafa, Shrook"]
[Black "Garcia Martin, Marta"]
[Result "1-0"]
[WhiteElo "2136"]
[BlackElo "2329"]
[PlyCount "95"]
[EventDate "2018.09.24"]
[EventType "team-swiss"]
[EventRounds "11"]
[EventCountry "GEO"]
[SourceTitle "Ajedrez en Madrid"]
[Source "lmi"]
[SourceDate "2018.09.24"]
[WhiteTeam "Egypt"]
[BlackTeam "Spain"]
[WhiteTeamCountry "EGY"]
[BlackTeamCountry "ESP"]

1. e4 e5 2. Nf3 Nc6 3. Bb5 a6 4. Ba4 Nf6 5. d4 exd4 6. O-O Be7 7. Re1 b5 8. Bb3
d6 9. c3 dxc3 10. Nxc3 O-O 11. Nd5 Nxd5 12. exd5 Ne5 13. Nxe5 dxe5 14. Rxe5 Bd6
15. Re1 Qh4 16. g3 Qf6 17. Be3 Bf5 18. Bd4 Qg6 19. Rc1 Rfe8 20. Qd2 h5 21. Re3
Be4 22. Qe2 Bf4 23. Rc6 f6 24. d6+ Kh8 25. Rxc7 Bxe3 26. fxe3 Qg4 27. Qxg4 hxg4
28. d7 Reb8 29. Be6 Bb7 30. Bxg4 a5 31. Rxb7 Rxb7 32. Bf3 Rxd7 33. Bxa8 Rc7 34.
Be4 Rc1+ 35. Kf2 b4 36. Ke2 Ra1 37. Bd5 Rc1 38. h4 Kh7 39. g4 Rg1 40. Be6 Rh1
41. h5 Kh6 42. Kd3 Rc1 43. Bf5 Kg5 44. e4 Rd1+ 45. Kc4 Kf4 46. h6 gxh6 47. Bxf6
Ra1 48. e5 1-0

[Event "43. Olimpiada Batumi 2018 Femenina"]
[Site "Batumi GEO"]
[Date "2018.10.02"]
[Round "8.3"]
[White "Calzetta Ruiz, Monica"]
[Black "Wafa, Shahenda"]
[Result "1-0"]
[WhiteElo "2235"]
[BlackElo "2129"]
[PlyCount "81"]
[EventDate "2018.09.24"]
[EventType "team-swiss"]
[EventRounds "11"]
[EventCountry "GEO"]
[SourceTitle "Ajedrez en Madrid"]
[Source "lmi"]
[SourceDate "2018.09.24"]
[WhiteTeam "Spain"]
[BlackTeam "Egypt"]
[WhiteTeamCountry "ESP"]
[BlackTeamCountry "EGY"]

1. e4 c5 2. Nf3 Nc6 3. Bb5 g6 4. c3 Bg7 5. d4 cxd4 6. cxd4 d5 7. exd5 Qxd5 8.
Nc3 Qd8 9. d5 a6 10. Ba4 b5 11. dxc6 bxa4 12. Qxd8+ Kxd8 13. Nxa4 Bg4 14. Bf4
Bxf3 15. c7+ Kc8 16. gxf3 Kb7 17. Rc1 Bh6 18. Nc5+ Ka7 19. Nxa6 Bxf4 20. c8=Q
Rxc8 21. Rxc8 Kxa6 22. O-O Kb7 23. Re8 Be5 24. Rc1 Bc7 25. b4 g5 26. a4 h5 27.
a5 Bf4 28. Rcc8 Rh6 29. Rxg8 Re6 30. b5 Re1+ 31. Kg2 Ra1 32. Ra8 f5 33. b6 g4
34. Ra7+ Kc6 35. fxg4 fxg4 36. b7 Rb1 37. a6 Rb2 38. Raa8 Be3 39. Rac8+ Kd7 40.
Rgd8+ Ke6 41. Rf8 1-0

[Event "43. Olimpiada Batumi 2018 Femenina"]
[Site "Batumi GEO"]
[Date "2018.10.02"]
[Round "8.4"]
[White "Sherif, Amina"]
[Black "Hernandez Estevez, Yudania"]
[Result "0-1"]
[WhiteElo "1946"]
[BlackElo "2192"]
[PlyCount "182"]
[EventDate "2018.09.24"]
[EventType "team-swiss"]
[EventRounds "11"]
[EventCountry "GEO"]
[SourceTitle "Ajedrez en Madrid"]
[Source "lmi"]
[SourceDate "2018.09.24"]
[WhiteTeam "Egypt"]
[BlackTeam "Spain"]
[WhiteTeamCountry "EGY"]
[BlackTeamCountry "ESP"]

1. Nf3 d5 2. g3 Nf6 3. Bg2 g6 4. O-O Bg7 5. d4 O-O 6. Nbd2 c6 7. Re1 Bf5 8. c3
Nbd7 9. h3 h6 10. g4 Be4 11. Nxe4 Nxe4 12. c4 e6 13. Be3 f5 14. cxd5 exd5 15.
gxf5 Rxf5 16. Nd2 Nxd2 17. Qxd2 Qh4 18. f3 Raf8 19. Bf2 Qd8 20. Qb4 Qc7 21.
Rac1 Nf6 22. Rc2 Ne4 23. Bh4 Ng5 24. Rd1 Qf4 25. Bf2 R8f7 26. Qd2 Qd6 27. Qe1
Qe7 28. Bg3 Kh7 29. Rcd2 Rf8 30. h4 Ne6 31. Bh3 R5f7 32. Bxe6 Qxe6 33. Kg2 Re8
34. Rc2 Rf5 35. Qb4 Qf7 36. Qb3 Qe7 37. Qd3 Bf6 38. Rh1 Rh5 39. Rd2 Bxh4 40.
Rdd1 Qg5 41. Rh3 Bxg3 42. Rxg3 Qf5 43. Qd2 Qe6 44. Re1 Qe7 45. Rg4 Qe3 46. Qxe3
Rxe3 47. Kf2 Re6 48. Rg2 Rh4 49. e3 g5 50. Rc1 Rh3 51. Rc3 Kg6 52. b4 a6 53. a4
Rh1 54. Rg1 Rxg1 55. Kxg1 h5 56. Kf2 h4 57. Rc1 Kf5 58. Rb1 Rg6 59. Rh1 Rh6 60.
Rg1 Rh8 61. Kg2 a5 62. bxa5 Ra8 63. Rb1 Rxa5 64. Rxb7 Rxa4 65. Rf7+ Kg6 66. Re7
Ra2+ 67. Kh3 Rf2 68. f4 gxf4 69. Kxh4 fxe3 70. Rxe3 Rg2 71. Kh3 Rg1 72. Kh2 Rg5
73. Kh3 Kf5 74. Re5+ Kf4 75. Re6 Kf3 76. Kh2 Rg4 77. Rxc6 Ke4 78. Ra6 Kd3 79.
Ra3+ Kc4 80. Ra4+ Kc3 81. Ra3+ Kb4 82. Ra8 Rxd4 83. Kg3 Re4 84. Kf3 Re7 85. Rc8
d4 86. Rd8 Kc3 87. Rc8+ Kd2 88. Rd8 d3 89. Rc8 Kd1 90. Rd8 d2 91. Rf8 Ke1 0-1

[Event "43. Olimpiada Batumi 2018 Femenina"]
[Site "Batumi GEO"]
[Date "2018.10.02"]
[Round "8.1"]
[White "Rogule, Laura"]
[Black "Golubenko, Valentina"]
[Result "0-1"]
[WhiteElo "2268"]
[BlackElo "2254"]
[PlyCount "144"]
[EventDate "2018.09.24"]
[EventType "team-swiss"]
[EventRounds "11"]
[EventCountry "GEO"]
[SourceTitle "Ajedrez en Madrid"]
[Source "lmi"]
[SourceDate "2018.09.24"]
[WhiteTeam "Latvia"]
[BlackTeam "Croatia"]
[WhiteTeamCountry "LAT"]
[BlackTeamCountry "CRO"]

1. d4 Nf6 2. Nf3 e6 3. e3 b6 4. Bd3 Bb7 5. O-O c5 6. c4 Nc6 7. Nc3 d5 8. cxd5
exd5 9. dxc5 Bxc5 10. b3 O-O 11. Bb2 d4 12. Na4 dxe3 13. Nxc5 exf2+ 14. Rxf2
bxc5 15. Rd2 Qb6 16. Kh1 Nb4 17. Bf5 Rad8 18. Rc1 Nxa2 19. Rc4 Rxd2 20. Nxd2
Rd8 21. Qe1 Qd6 22. Nf1 Qd1 23. Qxd1 Rxd1 24. Kg1 Ba6 25. Bc2 Bxc4 26. Bxd1 Be6
27. Kf2 Ne4+ 28. Ke3 Nec3 29. Bc2 Nd5+ 30. Ke4 Ndb4 31. Bd1 Bd5+ 32. Ke5 Bxg2
33. Be2 Kf8 34. Kd6 Be4 35. Nd2 Bd3 36. Bf3 Ba6 37. Ne4 Bb7 38. Ba3 f5 39. Ng5
Bxf3 40. Nxf3 Nd3 41. Bxc5 Nxc5 42. Kxc5 Ke7 43. Nd4 Kf6 44. Nc6 f4 45. Kd4 a6
46. Ke4 g5 47. Nb8 Nb4 48. Nd7+ Ke7 49. Ne5 Ke6 50. h4 gxh4 51. Kxf4 Nd5+ 52.
Ke4 Nc3+ 53. Kf4 Ne2+ 54. Ke4 h3 55. Nf3 Nc1 56. Ng5+ Kf6 57. Nxh3 Nxb3 58. Kd5
Kf5 59. Kc6 Kg4 60. Nf2+ Kf3 61. Nh3 Kg3 62. Ng5 h5 63. Kb6 a5 64. Kb5 h4 65.
Ka4 Nd4 66. Kxa5 Nf3 67. Ne4+ Kg2 68. Nf6 h3 69. Ng4 Ne5 70. Ne3+ Kf2 71. Nd1+
Ke1 72. Ne3 h2 0-1